Places des villes de France - Statistiques

Statistiques générales
  • Ce quiz a été pris 67 fois
  • Le résultat moyen est 6 sur 15
Statistiques - réponses
Ville Place % Correct
Paris Concorde | Bastille | Tertre | Vosges | Trocadéro
86%
Toulouse Capitole
76%
Nancy Stanislas
71%
Lyon Bellecour | Terreaux
67%
Montpellier Comédie
54%
Bordeaux Quinconces | Bourse
48%
Nice Masséna | Rosseti
41%
Lille Charles de Gaulle
38%
Strasbourg Kléber
33%
Clermont-Ferrand Jaude
27%
Tours Plumereau
13%
Charleville-Mézières Ducale
11%
La Roche-sur-Yon Napoléon
11%
Rouen Jeanne d'Arc
5%
Arras Héros
3%
Aucun quiz correspondant
Distribution des résultats
% des personnes avec chaque résultat
Percentile par nombre de réponses
Votre historique - résultats
Vous n’avez pas pris ce quiz